000 00556nam a2200241Ia 4500
001 104013
003 YMCAF
005 20230512162157.0
008 100717s2001 ||||||||||||||||| ||und|d
024 _a104013
035 _aBB4279
040 _aYMCAF
_beng
_cIN-KoLT
041 _aeng
082 _a621.313
_b3 LAN
100 _aLangsdrof, A S
245 0 _aTheory of alternative current machinergy
250 _a2
260 _bTMH
_c2001
300 _a666
653 _aAlternative current machinery
653 _aMechanical
942 _2ddc
_cBK
999 _c10646
_d10646